Statistics for 50 Ways to Leave Your Lover

Click here to take the quiz!

General Stats

  • This quiz has been taken 50 times
  • The average score is 5 of 5

Answer Stats

Ways to Leave
Your Lover
% Correct
Hop on the {bus}, Gus
100%
Just slip out the {back}, Jack
93%
Make a new {plan}, Stan
91%
You don’t need to be {coy}, Roy
91%
Just drop off the {key}, Lee
78%

Score Distribution

Percentile by Number Answered

Percent of People with Each Score

Your Score History

You have not taken this quiz